AI for understanding human conversations / (Record no. 43871)

MARC details
001 - CONTROL NUMBER
control field 23993824
003 - CONTROL NUMBER IDENTIFIER
control field 0000
005 - DATE AND TIME OF LATEST TRANSACTION
control field 20251017100630.0
008 - FIXED-LENGTH DATA ELEMENTS--GENERAL INFORMATION
fixed length control field 250115s2025 flu b 001 0 eng
010 ## - LIBRARY OF CONGRESS CONTROL NUMBER
LC control number 2024046788
020 ## - INTERNATIONAL STANDARD BOOK NUMBER
International Standard Book Number 9781032968766
035 ## - SYSTEM CONTROL NUMBER
System control number 23993824
040 ## - CATALOGING SOURCE
Original cataloging agency DLC
Language of cataloging eng
Description conventions rda
Transcribing agency DLC
042 ## - AUTHENTICATION CODE
Authentication code pcc
050 00 - LIBRARY OF CONGRESS CALL NUMBER
Classification number TK 7895 .A65 .N48
100 1# - MAIN ENTRY--PERSONAL NAME
Personal name Neuman, Yair,
Dates associated with a name 1968-
Relator term author.
245 10 - TITLE STATEMENT
Title AI for understanding human conversations /
Statement of responsibility, etc Yair Neuman.
246 3# - VARYING FORM OF TITLE
Title proper/short title Artificial intelligence for understanding human conversations
263 ## - PROJECTED PUBLICATION DATE
Projected publication date 2503
264 #1 - PUBLICATION, DISTRIBUTION, ETC. (IMPRINT)
Place of publication, distribution, etc Boca Raton FL :
Name of publisher, distributor, etc CRC Press,
Date of publication, distribution, etc 2025.
300 ## - PHYSICAL DESCRIPTION
Extent ix, 204p. ill.
336 ## - CONTENT TYPE
Content type term text
Content type code txt
Source rdacontent
337 ## - MEDIA TYPE
Media type term unmediated
Media type code n
Source rdamedia
338 ## - CARRIER TYPE
Carrier type term volume
Carrier type code nc
Source rdacarrier
490 0# - SERIES STATEMENT
Series statement AI for everything
504 ## - BIBLIOGRAPHY, ETC. NOTE
Bibliography, etc Includes bibliographical references and index.
505 0# - FORMATTED CONTENTS NOTE
Formatted contents note Human conversations and the promise of AI -- AI for analyzing divergent perspectives in a conversation -- Framing conversations with LLMs -- Teaching AI to memorize conversations -- AI for analyzing shifts in a conversation -- Shifts in topic and what they can teach us -- AI for understanding interlocutors -- How AI can read flirtation, ambiguity, and coherence -- Final comments.
520 ## - SUMMARY, ETC.
Summary, etc "AI and specifically LLMs revolutionize our lives with new technologies appearing at an unprecedented rate. These technologies can potentially change how we understand human conversations, from the dialogues of married couples to diplomatic conversations. The current book explains how to use LLMs to analyze human conversations and how better LLMs can be developed by incorporating a deep theoretical understanding. Drawing on case studies from Pulp Fiction to diplomatic meetings, the book provides detailed, approachable, and theoretically grounded explanations of how LLMs can help us understand conversations"--
Assigning source Provided by publisher.
650 #0 - SUBJECT ADDED ENTRY--TOPICAL TERM
Topical term or geographic name as entry element Artificial intelligence.
Source of heading or term Computational linguistics.
Form subdivision Speech processing systems.
General subdivision Machine learning.
650 #0 - SUBJECT ADDED ENTRY--TOPICAL TERM
Topical term or geographic name as entry element Artificial intelligence.
Source of heading or term Human-computer interaction.
Form subdivision Natural language processing (Computer science).
906 ## - LOCAL DATA ELEMENT F, LDF (RLIN)
a 7
b cbc
c orignew
d 1
e ecip
f 20
g y-gencatlg
942 ## - ADDED ENTRY ELEMENTS (KOHA)
Source of classification or shelving scheme Library of Congress Classification
Koha item type Books
Holdings
Withdrawn status Lost status Source of classification or shelving scheme Damaged status Not for loan Permanent Location Current Location Date acquired Total Checkouts Full call number Barcode Date last seen Price effective from Koha item type
    Library of Congress Classification     NILE UNIVERSITY OF NIGERIA - MAIN LIBRARY NILE UNIVERSITY OF NIGERIA - MAIN LIBRARY 10/17/2025   TK 7895 .A65 .N48 2025 0199368 10/17/2025 10/17/2025 Books
    Library of Congress Classification     NILE UNIVERSITY OF NIGERIA - MAIN LIBRARY NILE UNIVERSITY OF NIGERIA - MAIN LIBRARY 10/17/2025   TK 7895 .A65 .N48 2025 0199369 10/17/2025 10/17/2025 Books